Kríza globalizácie - globalizácia krízy?

Výsledky globalizačných procesov.

Gespeichert in:
Bibliographische Detailangaben
1. Verfasser: Lisý, Ján
Format: Buchkapitel
Sprache:Slowakisch
Schlagworte:
Tags: Tag hinzufügen
Keine Tags, Fügen Sie das erste Tag hinzu!

MARC

LEADER 00000naa$a2200000$$$4500
001 0168862
005 20240502083412.3
041 0 |a slo 
044 |a UA 
245 1 0 |a Kríza globalizácie - globalizácia krízy?  |c Ján Lisý 
520 |a Výsledky globalizačných procesov. 
610 2 0 |a kríza 
610 2 0 |a globalizácia 
610 2 0 |a globalizácia hospodárstva 
100 1 |a Lisý, Ján